Catálogo público

Flujo de fluidos e intercambio de calor / (Record no. 172114)

MARC details
000 -CABECERA
campo de control de longitud fija 01124nam a2200337Ia 4500
001 - NÚMERO DE CONTROL
campo de control dia_1570
003 - IDENTIFICADOR DEL NÚMERO DE CONTROL
campo de control CHAP
008 - DATOS DE LONGITUD FIJA--INFORMACIÓN GENERAL
campo de control de longitud fija 220117s1998 xx 000 0 und d
010 ## - NÚMERO DE CONTROL DE LA BIBLIOTECA DEL CONGRESO
Número de control de LC 172114
020 ## - NÚMERO INTERNACIONAL ESTÁNDAR DEL LIBRO
Número Internacional Estándar del Libro 968-6708-38-3
040 ## - FUENTE DE LA CATALOGACIÓN
Centro/agencia transcriptor CHAP
082 ## - NÚMERO DE LA CLASIFICACIÓN DECIMAL DEWEY
Número de clasificación 621.4022 L48 1998
100 ## - ENTRADA PRINCIPAL--NOMBRE DE PERSONA
Nombre de persona Levenspiel, Octave
9 (RLIN) 66433
245 ## - MENCIÓN DE TÍTULO
Título Flujo de fluidos e intercambio de calor /
Mención de responsabilidad, etc. Octave Levenspiel ; traducción J. Costa López
260 ## - PUBLICACIÓN, DISTRIBUCIÓN, ETC.
Lugar de publicación, distribución, etc. México :
Nombre del editor, distribuidor, etc. Reverté,
Fecha de publicación, distribución, etc. 1998
300 ## - DESCRIPCIÓN FÍSICA
Extensión xvii, 373 p.
500 ## - NOTA GENERAL
Nota general Título original: Engineering flow and heat exchange \ Los ejemplares 4 y 5 son material fotocopiados
503 ## - NOTA DE HISTORIA BIBLIOGRÁFICA (BK CF MU) [OBSOLETO]
Nota de historia bibliográfica I. 194117 (ej.1) \ I. 194118 (ej.2) \ I. 200968 (ej.3)
504 ## - NOTA DE BIBLIOGRAFÍA, ETC.
Nota de bibliografía, etc. Incluye bibliografías
590 ## - NOTA LOCAL (RLIN)
Nota local TA357 L48 1998
650 ## - PUNTO DE ACCESO ADICIONAL DE MATERIA--TÉRMINO DE MATERIA
Término de materia o nombre geográfico como elemento de entrada Calor
Subdivisión general Transmisión
9 (RLIN) 17579
650 ## - PUNTO DE ACCESO ADICIONAL DE MATERIA--TÉRMINO DE MATERIA
Término de materia o nombre geográfico como elemento de entrada Dinámica de fluidos
9 (RLIN) 32627
650 ## - PUNTO DE ACCESO ADICIONAL DE MATERIA--TÉRMINO DE MATERIA
Término de materia o nombre geográfico como elemento de entrada Fluid dynamics
9 (RLIN) 151040
650 ## - PUNTO DE ACCESO ADICIONAL DE MATERIA--TÉRMINO DE MATERIA
Término de materia o nombre geográfico como elemento de entrada Heat
Subdivisión general Transmission
9 (RLIN) 151041
700 ## - PUNTO DE ACCESO ADICIONAL--NOMBRE DE PERSONA
Nombre de persona Costa López, J., tr.
9 (RLIN) 151042
901 ## - ELEMENTOS DE DATOS A LOCAL LDA (RLIN)
a 621.4022 L48 1998
902 ## - ELEMENTOS DE DATOS B LOCAL, LDB (RLIN)
a M
905 ## - ELEMENTOS DE DATOS E LOCAL, LDE (RLIN)
a 5232271998 mx amn 8222223322spa16
942 ## - ELEMENTOS DE PUNTO DE ACCESO ADICIONAL (KOHA)
Tipo de ítem Koha
Holdings
Estado de retiro Estado de pérdida Fuente del sistema de clasificación o colocación Estado dañado No para préstamo Código de colección Localización permanente Ubicación/localización actual Ubicación en estantería Fecha de adquisición Total de préstamos Código de barras Fecha visto por última vez Número de copia Precio válido a partir de Tipo de ítem Koha Renovaciones totales Fecha del último préstamo
    Dewey Decimal Classification     General Ingenieria Agroindustrial Ingenieria Agroindustrial   18/01/2022   dia_004784 18/01/2022 5 18/01/2022 Libro    
    Dewey Decimal Classification     General Ingenieria Agroindustrial Ingenieria Agroindustrial   18/01/2022 1 dia_004594 30/11/2023 2 18/01/2022 Libro 1 17/11/2023
    Dewey Decimal Classification     General Ingenieria Agroindustrial Ingenieria Agroindustrial   18/01/2022   dia_004595 18/01/2022 1 18/01/2022 Libro    
    Dewey Decimal Classification     General Ingenieria Agroindustrial Ingenieria Agroindustrial   18/01/2022   dia_004707 18/01/2022 3 18/01/2022 Libro    
    Dewey Decimal Classification     General Ingenieria Agroindustrial Ingenieria Agroindustrial   18/01/2022 1 dia_004783 07/05/2025 4 18/01/2022 Libro   07/05/2025